000 00662nam a2200217 i 4500
001 bg
100 1 _aSkowronek, Czesław.
245 1 0 _aSpołeczne aspekty gospodarki materiałowej /
_cCzesław Skowronek, Tadeusz Wojciechowski.
260 _aWarszawa :
_bWydawnictwo "Ksiązka i Wiedza",
_c1975.
300 _a178, [5] s. :
_bil. ;
_c20 cm.
650 9 _aGospodarka materiałowa
_xzarządzanie.
650 9 _aZarządzanie zapasami
_xzaopatrzenie.
700 1 _aWojciechowski, Tadeusz
_d(1925-).
040 _cBPK
041 0 _apol
044 _aPOL
080 _a658.566
080 _a658.78
942 _cKS
008 130116s pl a f |000 0 pol
999 _c53849
_d53849
856 _uhttp://koha.tu.koszalin.pl/cgi-bin/koha/opac-detail.pl?biblionumber=53849
_yKatalog online BPK